[Event "RUS-chT 12th"]
[Site "Sochi"]
[Date "2005.04.26"]
[Round "8"]
[White "Aleksandrov, Aleksej"]
[Black "Belov, Vladimir"]
[Result "1-0"]
[WhiteElo "2635"]
[BlackElo "2617"]
[Annotator "Gavrikov,V"]
[PlyCount "109"]
[EventDate "2005.04.19"]
[EventType "team-tourn"]
[EventRounds "11"]
[EventCountry "RUS"]
[SourceTitle "EXT 2020"]
[Source "ChessBase"]
[SourceDate "2019.10.17"]
[SourceVersion "1"]
[SourceVersionDate "2019.10.17"]
[SourceQuality "1"]
[WhiteTeam "Sverdlovsk Ural region"]
[BlackTeam "Samara Termosteps"]
[WhiteTeamCountry "RUS"]
[BlackTeamCountry "RUS"]

1. d4 Nf6 2. c4 e6 3. Nc3 Bb4 4. e3 O-O 5. Nge2 d5 6. a3 Bd6 ({The common
reaction} 6... Be7 {looks more logical to me but the idea to provoke the
advance c4-c5 is also interesting.}) 7. cxd5 (7. c5 Be7 8. b4 {is the main
line here after which Black prepares the exchange of light-squared bishops by}
b6 9. Nf4 a5 10. Bb2 c6 11. Be2 Ba6 {e.g.} 12. O-O Nbd7 13. Bxa6 Rxa6 14. Nd3
Qc7 15. Qe2 Rfa8 16. Rac1 axb4 17. axb4 R6a7 18. f3 bxc5 19. bxc5 Qb8 20. Rb1
Bd8 $11 {1/2-1/2 Graf,A-Georgiev,K/Mallorca 2004/CBM 104 no vc (54)}) 7... exd5
{In comparison with variation 6.a3 Be7 7.cxd5 exd5 Black has managed to play
Be7-d6,although this extra tempo is not very important after White´s reply.} 8.
g3 ({Good for Black appears} 8. Ng3 Re8 9. Bd3 a5 10. O-O c6 11. Qc2 Na6 12. b3
g6 13. Bb2 (13. Re1 $142) 13... Ng4 $1 {0-1 Szabo,Z-Tolnai,T/Budapest 1991/TD 
(51) threatening Qh4.}) 8... c6 ({Another way for Black to handle this
position is} 8... Nc6 9. Bg2 Ne7 10. O-O a5 11. f3 (11. Nb5 Nf5) 11... c5 $1
12. Nb5 Nf5 13. e4 dxe4 14. fxe4 Nxd4 15. Nexd4 cxd4 16. Qxd4 Bb8 17. Qxd8 Rxd8
18. Bf4 Bd7 19. Nc7 {1/2-1/2 Tal,M-Bronstein,D/Portoroz 1958/IZT (19)}) 9. Bg2
a5 ({I can suggest instead} 9... Re8 10. O-O Nbd7 11. f3 (11. b4 a5 12. Rb1 Qe7
13. Qb3 Nb6 $1 $132) 11... c5 12. dxc5 Bxc5 13. Nxd5 Nxd5 14. Qxd5 Bxe3+ 15.
Bxe3 Rxe3 16. Nc3 Re8 {with equality.}) 10. O-O Re8 11. Qc2 {This standard
move for such situations is a novelty here.} ({Known was} 11. f3 c5 12. b3 (12.
g4 $6 h6 13. Qe1 Nc6 14. Qf2 b6 15. Bd2 Ba6 $36 {0-1 Mamedyarov,S-Nisipeanu,L/
Tripoli 2004/CBM 102 (28)}) 12... Nc6 13. Nb5 Bf8 14. Rf2 b6 15. Bf1 Ne7 $5 16.
g4 Ng6 17. Ng3 h6 18. Bd3 Nh4 19. Qf1 {1/2-1/2 Salov,V-Kharitonov,A/Lvov 1984/
URS-ch (19)}) 11... h5 $6 {Weakens without necessity the g5-square.} (11... Na6
$142 12. f3 c5 $132) 12. f3 c5 13. Nb5 cxd4 14. exd4 Qb6 (14... Nc6 15. Bg5 $14
) 15. Nec3 Bd7 ({In case of} 15... Be7 $2 16. Bf4 Na6 17. Rfe1 Bd7 18. Qd3 {
the knight on a6 is out of play.}) 16. Nxd6 Qxd6 17. Bg5 Bc6 18. Rf2 $6 ({
Much better was} 18. Rfe1 Nbd7 19. Bf4 Qf8 20. Bf1 {with obvious advantage for
White.}) 18... Nbd7 19. Bf1 Nh7 20. Bd2 Qf6 21. Qd3 Nhf8 ({A more logical
continuation seems to be} 21... a4 22. f4 Qd8) 22. Rd1 a4 23. Bc1 Nb6 24. Qd2
Ne6 $6 (24... Nc4 {would have given Black sufficient counterplay:} 25. Bxc4
dxc4 26. d5 Bd7 27. Ne4 Qb6 (27... Qg6 $6 28. Qf4 b5 29. Bd2) 28. Qg5 Ng6 29.
Qxh5 Ne5 30. Kg2 (30. Kf1 Nd3 31. Rc2 (31. Re2 $2 Re5 32. Qh4 (32. Ng5 $2 Bh3+
$1 33. Qxh3 Rxe2 $19) 32... Qb3 33. Red2 Nxc1 34. Rxc1 Qxf3+ 35. Nf2 Rae8 $19)
31... Qb3 32. Ng5 Bh3+ 33. Kg1 Qxc2 34. Qxf7+ Kh8 35. Qh5+ Kg8 36. Qf7+ $11)
30... Nd3 31. Rfd2 f6 $44 {planning Re5.}) 25. f4 $1 Nf8 $6 ({It was
preferable accept the worse ending that arises after} 25... Qf5 26. Bd3 Qf6 27.
Be2 Qf5 28. Qd3 Qxd3 29. Rxd3 g6 30. f5 Ng7 31. fxg6 fxg6) 26. f5 Nc4 27. Qf4
Nh7 $6 (27... Nd6 28. Be2 Ne4 29. Nxe4 Rxe4 30. Qd2 h4 31. g4 {is in White´s
favour,but the text move loses a pawn without adequate compensation.}) 28. Be2
Nd6 29. Bxh5 Ne4 30. Nxe4 Rxe4 31. Qd2 Rae8 32. Bf3 Re3 33. Bg2 {White
protects f5-pawn and now Black has to reckon with Qxe3.} Rb3 34. Qf4 Qd8 35. g4
Nf6 36. g5 Ne4 37. Rf3 Qb6 38. f6 Rxf3 39. Bxf3 $6 {Rather recklessly played.}
({Stronger was} 39. Qxf3 {preventing the invasion of Black´s queen.}) 39... Qb3
$1 {[%cal Gb3c2]} 40. h4 ({A mistake would be} 40. fxg7 $2 Nxg5 41. Qxg5 Qxf3
42. Rf1 Qe4 $11) 40... Qc2 41. Be3 $2 ({Correct was} 41. Qh2 Qxh2+ 42. Kxh2
gxf6 43. gxf6 Nxf6 44. Rg1+ Kh8 45. Bf4 Ne4 46. h5 $14) 41... Qxb2 42. fxg7 ({
In the event of} 42. g6 Nxf6 (42... Re6 $4 43. gxf7+ Kxf7 44. Bh5+ Kf8 45. Qc7
$1) 43. gxf7+ Kxf7 44. Bh5+ Kg8 (44... g6 $4 45. Rf1 Re6 46. Bg4) 45. Bxe8 Bxe8
{Black obtains sufficient compensation for the exchange.}) 42... Qxa3 43. g6
fxg6 44. Qh6 Nf6 45. Re1 Nh7 (45... Kf7 $5 46. h5 $140 Qd3) 46. Kf2 Qb2+ 47.
Kg3 $6 {An inaccuracy.} (47. Re2 $142 Qb1 48. h5 gxh5 49. Qxh5 Re7 50. Bf4 $1 (
{not} 50. Bxd5+ $2 Bxd5 51. Qxd5+ Rf7+ {followed by Nf6}) 50... Rxe2+ (50...
Rxg7 $2 {loses to} 51. Re8+ $1 Nf8 52. Rxf8+ Kxf8 53. Qh8+ Kf7 54. Bh5+ Rg6 55.
Qh7+ Kf6 56. Be5+ Kg5 57. Bf3 $1 Qc2+ 58. Kg3 Kf5+ 59. Bg4+) 51. Bxe2 Qc2 (
51... a3 $2 52. Qh3 $1 a2 $140 53. Qe6+ Kxg7 54. Bh6+ $18) 52. Qh3 Be8 53. Be5
Qg6 54. Bf3 Qc2+ (54... Qf7 $4 55. Ke3 $1 a3 56. Bg4 a2 57. Bf5 {winning}) 55.
Be2 Qg6 {with repetition of moves.}) 47... Qc3 48. Re2 Qd3 ({To the same
position leads} 48... a3 49. Kf2 Qd3 50. Qf4) 49. Qf4 a3 50. Kf2 Qb3 $4 {
A fatal blunder.} ({Blach had a choice between} 50... Qxe2+ 51. Bxe2 a2 52. Bd3
$1 a1=Q 53. Bxg6 Qb2+ 54. Kg1 Qa1+ 55. Kg2 Qb2+ 56. Bd2 Nf6 (56... Re2+ $2 57.
Kf3) (56... Re7 57. Bxh7+ Kxg7 58. Qg5+ Kxh7 59. Qxe7+ Kg8 $11) 57. Qh6 Re2+
58. Kf1 (58. Kf3 $4 Rf2+ $1 59. Kg3 Qa3+ $1 60. Be3 Qd6+ $19) 58... Qa1+ 59.
Kxe2 (59. Bc1 Re1+ 60. Kxe1 Qc3+ 61. Bd2 Qg3+ 62. Kd1 Ba4+ 63. Kc1 Qa3+ 64. Kb1
Qb3+ $11) 59... Bb5+ 60. Bd3 Bxd3+ 61. Kxd3 Qa6+ 62. Kc2 Qa2+ 63. Kd1 Qb1+ 64.
Ke2 Qe4+ 65. Be3 Qc2+ {forcing perpetual check}) (50... Kxg7 51. Rd2 Qb1 52.
Qc7+ Kh8 53. Bh6 Qe1+ 54. Kg2 Qe7 (54... Rg8 55. Bf4 Nf6 56. Qd6 $44) 55. Qxe7
Rxe7 56. Ra2 Nf6 57. Rxa3 {when despite the pawn extra it isn´t enough for
victory}) (50... Ra8 51. Qe5 Qf5 52. Ra2 b5 53. Qd6 Qf6 54. Qc5 $1 $44) ({and} 
50... Bb5 {(/\ Bc4)} 51. Bxd5+ Kxg7 52. Rd2 (52. Bf3 $2 Bc4) 52... Qf1+ 53. Kg3
Qe1+ 54. Bf2 Qe7 {but also here after} 55. Bf3 {the game should have ended in
a draw.}) 51. Qd6 $1 {[%cal Ge3h6,Gd6f8,Ge2e8] The pawn on g7 allows White to
create decisive threat Bh6.} Qc4 ({Or} 51... Kxg7 52. Qc7+ Kg8 53. Bh6) (51...
a2 52. Bh6 $1) 52. Bh6 $1 Rxe2+ 53. Bxe2 Qxd4+ 54. Kg2 Kf7 (54... Qe4+ 55. Bf3)
55. Qc7+ 1-0

[Event "FRA-chT Top 16 GpB"]
[Site "Port Barcares"]
[Date "2005.05.04"]
[Round "8"]
[White "Gurevich, Mikhail"]
[Black "Riff, Jean Noel"]
[Result "1-0"]
[WhiteElo "2630"]
[BlackElo "2438"]
[Annotator "Gavrikov,V"]
[PlyCount "129"]
[EventDate "2005.05.04"]
[EventType "team"]
[EventRounds "11"]
[EventCountry "FRA"]
[SourceTitle "CBM 107"]
[Source "ChessBase"]
[SourceDate "2005.08.01"]
[SourceVersion "1"]
[SourceVersionDate "2005.08.01"]
[SourceQuality "1"]

1. c4 Nf6 2. d4 e6 3. Nc3 Bb4 4. e3 O-O 5. Nge2 d5 6. a3 Be7 7. cxd5 exd5 8. g3
({White has three important alternatives:} 8. Ng3 c5 (8... Re8 9. b4 {-8.b4})
9. dxc5 Bxc5 10. Be2 Nc6 11. b4 Bd6 12. Bb2 Be5 13. Na4 Bxb2 14. Nxb2 a6 15.
O-O Re8 (15... d4) 16. Qc2 Bg4 $11 {1/2-1/2 Gurevich,D-Leitao,R/Cali 2001/CBM
083 ext (45)}) (8. Nf4 c6 9. Bd3 Re8 10. O-O Nbd7 11. f3 Nf8 12. Bc2 (12. b4
Ng6 13. Nfe2 a5 14. Rb1 axb4 15. axb4 Be6 16. e4 dxe4 17. fxe4 b5 $13 {1/2-1/2
Evans,L-Unzicker,W/Buenos Aires 1960/MCD (32)}) 12... Ne6 13. e4 dxe4 14. Nxe6
Bxe6 15. fxe4 Bg4 16. Qd3 Bh5 $1 17. Bf4 Bg6 $132 {0-1 Irzhanov,R-Ehlvest,J/St
Petersburg 1994/CBM 043 ext (40)}) (8. b4 c6 (8... Nbd7 9. Ng3 Nb6 10. Bd3 c6
11. O-O Ne8 $5 12. b5 Nc7 13. a4 a5 $1 14. Ba3 Bxa3 15. Rxa3 g6 16. Qa1 Ne6 17.
Rc1 h5 $132 {0-1 Salov,V-Gavrikov,V/Minsk 1987/URS-ch (44)}) 9. Ng3 Re8 10. Bd3
Nbd7 11. O-O Nb6 12. Rb1 (12. b5 c5 13. dxc5 Bxc5) 12... Be6 13. a4 Bd6 14. a5
Nc8 15. f3 Bc7 16. Na4 Nd6 17. Nc5 Bc8 18. e4 b6 19. e5 bxc5 {1-0 Illescas
Cordoba,M-Slobodjan,R/Pamplona 1996/CBM 052 (46)} 20. exd6 Bxd6 21. dxc5 Be5
$13) 8... c6 9. Bg2 Re8 ({Usually Black realizes the manoeuvre Na6-c7 after
a7-a5 or immediately,e.g.} 9... a5 10. O-O Na6 11. f3 c5 12. g4 (12. dxc5 Bxc5
13. Nd4 Nc7) 12... h6 13. Bd2 Nc7 14. Be1 b6 15. Qd2 Ne6 16. Bf2 Bb7 17. Ng3
Re8 18. Rfe1 Bf8 19. Bf1 g6 20. Rad1 Bg7 $11 {1-0 Gyimesi,Z-Lengyel,L/Budapest
1995/EXT 97 (62)}) (9... Na6 10. O-O Nc7 11. f3 (11. Nf4 a6 $5 12. b4 $6 Nb5
13. Nxb5 axb5 14. Bb2 Bf5 15. f3 Bd6 $15 {0-1 Ramayrat,C-Larsen,B/New York
1986/EXT 97 (30)}) 11... c5 12. dxc5 Bxc5 13. b4 Bd6 14. Nd4 Re8 15. Ra2 Bd7
16. Re1 Qe7 17. Qb3 Rad8 18. Rd2 h5 $132 19. Ree2 Be5 20. Qd1 a5 $5 21. bxa5
Qc5 22. Bb2 Qxa5 {1/2-1/2 Arencibia,W-Campos Moreno,J/Barcelona 2000/EXT 2001 
(22)}) 10. O-O Bg4 $6 {Dubious idea.} (10... Nbd7 $142 11. b4 Nb6 12. f3 a5 13.
Rb1 Nc4 14. Qd3 b5 15. e4 g6 {1-0 Gurevich,M-Delchev,A/Metz 2002/CBM 087 ext 
(60) with unclear game.}) 11. f3 Be6 12. e4 dxe4 13. fxe4 Na6 ({The try of
attack White´s centre by} 13... c5 $2 {fails to} 14. d5 (14. e5 $6 Nd5 15. Nf4
$2 Nxf4 16. Bxf4 (16. gxf4 cxd4 17. Bxb7 $2 Qb6 18. Bxa8 dxc3+ 19. Kh1 cxb2 $19
) 16... cxd4 $1 17. Bxb7 dxc3 18. Qxd8 Rxd8 19. Bxa8 cxb2 20. Rab1 Bxa3 $17)
14... Bc8 15. e5 Ng4 16. Bf4 Bf8 (16... g5 17. d6 $1 gxf4 (17... Bf8 18. Bd2 {
/\ Ne4}) 18. dxe7 Qxe7 19. Rxf4 $36) 17. e6 fxe6 18. dxe6 Nc6 19. Nb5 Nge5 20.
Qxd8 Rxd8 21. Nec3 $16) 14. Nf4 ({Better looks} 14. h3 $5 Qd7 15. Kh2 Rad8 16.
Be3 $14) 14... Bc4 ({If} 14... Bg4 {, then} 15. Qd3 {with h2-h3 to follow.})
15. Rf2 Nc7 16. b3 Be6 17. h3 Bf8 18. Be3 a6 $1 {Black has found the best
defence, planning Nc7-b5.} 19. Nxe6 Rxe6 20. Qc2 Nb5 21. Nxb5 axb5 22. a4 bxa4
(22... Qe8 23. e5 Nd5 24. Bd2 f6 25. Be4 $1 Qh5 26. Bf5 Ree8 27. Re1 $36) 23.
Rxa4 Rxa4 24. bxa4 Qe7 25. e5 Nd5 26. Bxd5 $6 {After this exchange Black is
out of danger.} (26. Bd2 $142) 26... cxd5 27. Qb3 Qd7 28. Rb2 Re7 (28... Rg6
29. Kh2 b6 $11) 29. Bg5 (29. Kh2 Qe6 $11) 29... f6 $1 30. exf6 gxf6 $2 ({Misses
} 30... Re1+ $1 31. Kh2 (31. Kf2 Rh1 32. Re2 (32. fxg7 $2 Qf5+ 33. Bf4 Bd6) (
32. Bf4 $2 g5 $1 33. Bxg5 Qf5+ 34. Bf4 Qe4) 32... Rh2+ 33. Ke1 Rh1+ 34. Kf2 (
34. Kd2 $2 gxf6 35. Bf4 Qc6) 34... Rh2+ $11) 31... Qf5 32. Bf4 (32. fxg7 $2
Bxg7 33. Bf4 $2 Bxd4 34. Rg2 $140 Rh1+ 35. Kxh1 Qxh3+ 36. Rh2 Qf1#) 32... Qe4
33. Rg2 Re2 34. Rxe2 Qxe2+ {with perpetual check.}) 31. Bxf6 Re1+ 32. Kg2 Qf5
33. Rf2 Qe4+ 34. Qf3 Ra1 35. Qxe4 dxe4 36. Re2 Rxa4 37. Rxe4 Bd6 38. Re6 Ra2+
39. Kf3 Ra3+ 40. Ke4 Bxg3 41. Re7 Ra6 $1 42. Kf5 Ra5+ 43. Kg4 Ra6 44. Kf5 Ra5+
45. Ke4 Ra6 46. Bg5 Rg6 (46... h6) 47. Kf5 Rd6 48. Be3 (48. Bf6 Rd5+ 49. Ke4
Rd6) 48... b6 49. Rb7 Rd5+ $6 (49... Bh2) 50. Kg4 Be1 51. Rxb6 Bc3 52. Rb3 $1 {
Allows White to keep his extra pawn.} Ba5 (52... Bxd4 $2 53. Rd3) 53. Kf4 Bc7+
54. Ke4 Rh5 55. Bf2 Kf8 56. Rf3+ Ke7 57. Kd3 Bd6 58. Kc4 Kd7 59. d5 Be7 60. Rb3
Kc8 61. Bc5 Bd8 62. Bd6 Rf5 63. Kc5 Rf1 64. Kc6 Rc1+ 65. Bc5 1-0

[Event "Corus-B"]
[Site "Wijk aan Zee"]
[Date "2006.01.17"]
[Round "4"]
[White "Jobava, Baadur"]
[Black "Almasi, Zoltan"]
[Result "1-0"]
[WhiteElo "2614"]
[BlackElo "2646"]
[Annotator "Gavrikov,V"]
[PlyCount "61"]
[EventDate "2006.01.14"]
[EventType "tourn"]
[EventRounds "13"]
[EventCountry "NED"]
[EventCategory "15"]
[SourceTitle "CBM 111"]
[Source "ChessBase"]
[SourceDate "2006.04.04"]
[SourceVersion "1"]
[SourceVersionDate "2006.04.04"]
[SourceQuality "1"]

1. d4 Nf6 2. c4 e6 3. Nc3 Bb4 4. e3 O-O 5. Nge2 d5 6. a3 Bd6 $5 ({This move is
probably not worse than the main reply} 6... Be7) 7. Ng3 ({White can hardly
count on an advantage after} 7. c5 Be7 8. b4 b6 {for example:} 9. Nf4 a5 10.
Bb2 c6 11. Be2 Ba6 12. O-O Nbd7 13. Bxa6 Rxa6 14. Nd3 Qc7 15. Qe2 Rfa8 16. Rac1
(16. b5 cxb5 17. Nxb5 Qc6 18. Ne5 Nxe5 19. dxe5 Nd7 20. cxb6 Nxb6 $11) 16...
axb4 17. axb4 R6a7 18. f3 bxc5 19. bxc5 Qb8 {planning Bd8-c7, 1/2-1/2 Graf,
A-Georgiev,K/Mallorca 2004/CBM 104/ (54)}) 7... a5 $5 $146 {An interesting
novelty. Black´s idea is to prevent the advance b2-b4.} ({The usual
alternatives are:} 7... b6 8. cxd5 exd5 9. Be2 (9. Bd3 Re8) 9... Re8 10. O-O c6
11. b4 a6 12. Bb2 Nbd7 13. Qc2 {1/2-1/2 Graf,A-Topalov,V/Benidorm 2003/CBM 099
(37)} Bb7 $13) ({and} 7... c5 8. dxc5 Bxc5 9. b4 Be7 10. Bb2 (10. cxd5 exd5 11.
Bb2 Nc6 {/\ d4} 12. Nce2 Re8 13. Nd4 a5 14. b5 Nxd4 15. Bxd4 a4 $11 {1/2-1/2
Benitah,Y-Marciano,D/France 1996/CBM 055 ext (15)}) 10... a5 $5 (10... Nc6 $143
11. Qc2 dxc4 12. Bxc4 Bd7 13. O-O Rc8 14. Be2 Ne5 15. Qb3 $14 {1/2-1/2 Moreno
Trujillo,A-Suba,M/Collado Villalba 2004/EXT 2006 (63)}) 11. b5 dxc4 12. Bxc4
Nbd7 13. O-O Nb6 14. Bd3 e5 15. Qe2 Bg4 16. f3 Be6 17. Rfd1 Qe8 $13 {1/2-1/2
Chernin,A-Granda Zuniga,J/Pamplona 1991/CBM 028 (43)}) 8. Qc2 {Intending to
play Nb5 after exchange on d5.} c5 $1 9. dxc5 Bxc5 10. cxd5 exd5 {Black has a
good version of isolani because the weakness of b5-square is not so important
here.} 11. Bb5 Bd7 ({Quite possible was instead} 11... Be6 $5 12. O-O Nbd7 {
with solid position.}) 12. O-O ({If} 12. Nxd5 {then} Bxb5 13. Nxf6+ Qxf6 14.
Qxc5 Bd3 {with compensation for the pawn.}) 12... Bxb5 13. Nxb5 Qb6 {Keeping
the option to develop the knight on c6 after a3-a4.} 14. Nc3 Nbd7 15. Bd2 (15.
Na4 Qb5 16. Nxc5 Nxc5 $132 {[%cal Gc5b3]}) 15... Rac8 ({Perhaps better was} 
15... Qe6 {followed by Rfc8.}) 16. Rac1 Rc6 $6 {The first step in wrong
direction.} ({It was preferable to keep the bishop by} 16... Qe6) 17. Na4 Qb5
$6 {Not the best square for the queen.} (17... Qc7 $142 18. Nxc5 Nxc5 19. Qf5
Rd8 $13) 18. Nxc5 Nxc5 $2 (18... Rxc5 19. Bc3 $14) 19. Nf5 {[%cal Gf5e7,Gf5d4]}
Rc7 20. Qc3 $1 {[%cal Gc3a5,Gc3e5] The attack on a5 gives White necessary
tempo for transfer his queen to the kingside and support the knight on f5.} b6
21. Qe5 Qd7 $2 {After this mistake Black´s position becomes hopeless.} ({
Instead} 21... Ne8 {[%cal Gc5d3]} 22. Rcd1 Rd7 {allowed to maintain the
material balance and continue the game.}) 22. Bc3 $1 {[%cal Gf5h6,Gf5g7,Ge5g3,
Gc3g7,Gc3f6] Simple and strong with the main threat of Nh6+ followed by Qxf6.}
({Not} 22. Nxg7 $2 Nfe4 $1 23. Nh5 f6 24. Qd4 Rc6 25. Rcd1 Nb3 {winning an
exchange.}) 22... Nce4 23. Bd4 Rxc1 24. Rxc1 Re8 25. Qf4 Qe6 26. h4 $6 ({
White wants to play f2-f3 and prevents g7-g5 but decisive was the immediate} 
26. f3 $1 {e.g.} Nh5 (26... g5 27. Nh6+ Kg7 28. Qc7 $1 Kxh6 (28... Nc5 29. Ng4)
29. Rc6 $18) (26... Nc5 27. Qg5 g6 28. Nh6+ Kg7 29. Ng4 Ncd7 30. Qh6+ Kg8 31.
Rc7 Nh5 32. Rxd7 Qxd7 33. Nf6+ Nxf6 34. Bxf6 $18) 27. Qg4 Nef6 28. Qg5 h6 29.
Nxh6+ Kh7 ({or} 29... Kf8 30. Nf5) 30. Nf5 g6 31. Qh6+ Kg8 32. g4 $18) 26...
Nh5 27. Qf3 (27. Qg4 $6 Nd6 $1) 27... g6 $2 (27... Nhf6 $8) 28. Nh6+ Kf8 29. g4
Nhf6 30. Qf4 {[%cal Gf2f3]} Ng8 31. Rc6 $1 1-0

[Event "Olympiad-36"]
[Site "Mallorca"]
[Date "2004.10.24"]
[Round "9"]
[White "Graf, Alexander"]
[Black "Georgiev, Kiril"]
[Result "1/2-1/2"]
[WhiteElo "2646"]
[BlackElo "2625"]
[Annotator "Georgiev,Ki"]
[PlyCount "107"]
[EventDate "2004.10.15"]
[EventType "team-swiss"]
[EventRounds "14"]
[EventCountry "ESP"]
[SourceTitle "CBM 104"]
[Source "ChessBase"]
[SourceDate "2005.01.27"]
[SourceVersion "1"]
[SourceVersionDate "2005.01.27"]
[SourceQuality "1"]
[WhiteTeam "Germany"]
[BlackTeam "Bulgaria"]
[WhiteTeamCountry "GER"]
[BlackTeamCountry "BUL"]

1. d4 Nf6 2. c4 e6 3. Nc3 Bb4 4. e3 O-O 5. Nge2 d5 6. a3 Bd6 7. c5 Be7 8. b4 b6
9. Bb2 c6 10. Nf4 a5 11. Be2 Ba6 12. O-O Nbd7 13. Bxa6 Rxa6 14. Nd3 Qc7 $5 $146
(14... Qa8) 15. Qe2 Rfa8 16. Rac1 (16. f3 axb4 17. axb4 Rxa1 18. Rxa1 Rxa1+ 19.
Bxa1 $11) (16. b5 $5 cxb5 17. Nxb5 Qc6 18. Ne5 Nxe5 19. dxe5 Nd7 20. cxb6 Nxb6
$11) 16... axb4 17. axb4 (17. Nxb4 $6 Ra5 18. cxb6 Qxb6 19. Nba2 c5 20. dxc5
Nxc5 $15) 17... R6a7 (17... bxc5 $5 18. bxc5) (17... b5 18. f3 $1 {[%cal Ge3e4]
/\e4+/-}) 18. f3 bxc5 19. bxc5 Qb8 {[%csl Rh2][%cal Ge7d8,Gd8c7] /\Bd8-c7, ><h2
} 20. Rb1 (20. Ra1 Bd8 {[%cal Gd8c7,Gd8a5] /\Bc7; /\Ba5=}) 20... Bd8 21. Bc1
Qc8 22. Bd2 (22. e4 $5 Qa6 {[%cal Ga6c4] /\Qc4 <=>}) 22... Ra3 23. Rfc1 Bc7 24.
Nb4 Ba5 25. Be1 e5 $1 $11 26. Qb2 Bxb4 27. Qxb4 R3a7 28. dxe5 $1 Nxe5 29. Qd4
Ng6 (29... Qe6 30. Bg3 $11) 30. Bg3 h6 31. e4 dxe4 32. Nxe4 Nxe4 33. Qxe4 Ne7
34. Rc3 Nd5 35. Rcb3 Ra1 (35... Re7 36. Qxe7 Nxe7 37. Rb8 Rxb8 38. Rxb8 Qxb8
39. Bxb8 f5 40. Kf2 Kf7 41. Ke3 Ke6 42. Kd4 $11) 36. Rxa1 Rxa1+ 37. Kf2 Ra2+
38. Kg1 Ra8 39. Bd6 Qa6 40. h3 Nc3 41. Qe5 Nd5 42. Kh2 Qc8 43. Qe4 Qd7 44. Rb8+
Rxb8 45. Bxb8 f6 46. Bd6 Kf7 47. g4 Qb7 48. h4 Qd7 49. Kg3 Qe6 50. h5 Qd7 51.
Qb1 Qc8 52. Qg6+ Kg8 53. Qe4 Qd7 54. Kf2 1/2-1/2

[Event "St Maxime-02"]
[Site "St Maxime"]
[Date "1982.05.??"]
[Round "8"]
[White "Cvetkovic, Srdjan"]
[Black "Parma, Bruno"]
[Result "1/2-1/2"]
[WhiteElo "2425"]
[BlackElo "2500"]
[Annotator "Giffard,N"]
[PlyCount "86"]
[EventDate "1982.05.??"]
[EventType "tourn"]
[EventRounds "13"]
[EventCountry "FRA"]
[EventCategory "7"]
[SourceTitle "EXT 2018"]
[Source "ChessBase"]
[SourceDate "2017.10.13"]
[SourceVersion "1"]
[SourceVersionDate "2017.10.13"]
[SourceQuality "1"]
[TimeControl "40/9000:16/5400:0"]

1. c4 {La partie fut une lutte serée où le mince avantage blanc ne suffit
pas à gagner.} e6 2. d4 Nf6 3. Nc3 Bb4 4. e3 O-O 5. Nge2 d5 6. a3 Be7 7. cxd5
Nxd5 8. g3 Nxc3 9. Nxc3 c5 10. d5 (10. dxc5 Qxd1+ 11. Nxd1 Bxc5 12. Bg2 Be7 13.
b4 a5 14. b5 {1/2-1/2 (14) Szabo,L-Taimanov,M Reykjavik 1968}) 10... exd5 11.
Nxd5 Be6 12. Bg2 Nc6 13. O-O Bf6 14. Rb1 a5 $146 (14... Re8 15. b3 Bf5 16.
Nxf6+ Qxf6 17. Bb2 Qg6 18. Rc1 Rad8 19. Qf3 Be4 20. Qf4 Rd2 21. Bxe4 Rxe4 22.
Qc7 h5 23. Ba1 Re7 24. Qc8+ Rd8 25. Qh3 Rd5 26. Rfd1 Red7 27. Rxd5 Rxd5 28.
Qc8+ Rd8 29. Qh3 Qg4 30. Qxg4 hxg4 31. Kg2 Na5 32. Be5 Rd5 33. Bb8 Nxb3 34. Rc3
Nd2 35. Bxa7 c4 36. Bd4 b5 37. Rc1 f5 38. Rc2 Nf3 39. Rb2 Kf7 40. h3 Ne1+ 41.
Kh2 Nf3+ 42. Kg2 Ke6 43. Rb1 g6 44. Bc3 {De Lange,D-Fuchs,R Havana 1966 0-1 
(67)}) 15. b3 Bf5 16. Bb2 Bxb2 17. Rxb2 Ne7 18. Rd2 Nxd5 19. Bxd5 Qb6 20. Qf3
Be6 21. Rfd1 Bxd5 22. Qxd5 a4 23. bxa4 Rxa4 24. Rd3 Qa7 25. Rb3 b6 26. Qc6 Rxa3
27. Rxb6 Ra1 28. Rxa1 Qxa1+ 29. Kg2 Qa8 30. Qxa8 Rxa8 31. Rc6 h5 32. Rxc5 g6
33. h3 Kg7 34. f4 Ra2+ 35. Kf3 Rh2 36. h4 f5 37. e4 fxe4+ 38. Kxe4 Re2+ 39. Kf3
Ra2 40. f5 Ra3+ 41. Kf4 Ra4+ 42. Ke5 gxf5 43. Kxf5 Rg4 1/2-1/2